000 00395 a2200169 4500
001 69254
020 _a850203281X
040 _cAnchieta - Itaigara
100 _aBarbosa, Rogério Andrade
240 1 0 _aA carta do pirata francês
_lpor
245 1 0 _aA carta do pirata francês
300 _a62
362 0 _a2000
440 1 _aSaraiva
650 4 _aLiteratura infanto-juvenil
942 _cBK
999 _c69254
_d69254